Congress cyclopaedia: (Record no. 77764)

MARC details
000 -LEADER
fixed length control field 00704nam a22002411 4500
001 - CONTROL NUMBER
control field sa 68001168
003 - CONTROL NUMBER IDENTIFIER
control field DLC
005 - DATE AND TIME OF LATEST TRANSACTION
control field 20260227112431.0
008 - FIXED-LENGTH DATA ELEMENTS--GENERAL INFORMATION
fixed length control field 710903m19679999ii a 00010 eng
010 ## - LIBRARY OF CONGRESS CONTROL NUMBER
LC control number sa 68001168
025 ## - OVERSEAS ACQUISITION NUMBER
Overseas acquisition number PL480:I-E-8769
043 ## - GEOGRAPHIC AREA CODE
Geographic area code a-ii---
050 0# - LIBRARY OF CONGRESS CALL NUMBER
Classification number JQ298.I5
Item number I77
082 ## - DEWEY DECIMAL CLASSIFICATION NUMBER
Classification number 328.54
100 20 - MAIN ENTRY--PERSONAL NAME
Personal name Iswara Dutt, Kunduri,
Dates associated with a name 1898-1968.
245 10 - TITLE STATEMENT
Title Congress cyclopaedia:
Remainder of title the Indian National Congress, 1885-1920,
Statement of responsibility, etc. by K. Iswara Dutt.
260 0# - PUBLICATION, DISTRIBUTION, ETC.
Place of publication, distribution, etc. New Delhi
Date of publication, distribution, etc. [1967-
300 ## - PHYSICAL DESCRIPTION
Extent v.
Other physical details illus.
Dimensions 29 cm.
350 ## - PRICE (NR) (BK AM CF MU VM SE) [OBSOLETE]
Price RS50
-- $6.75 (v. 1)
505 1# - FORMATTED CONTENTS NOTE
Formatted contents note v. 1. The pre-Gandhi era.
610 20 - SUBJECT ADDED ENTRY--CORPORATE NAME
Corporate name or jurisdiction name as entry element Indian National Congress.
651 #0 - SUBJECT ADDED ENTRY--GEOGRAPHIC NAME
Geographic name India
General subdivision Politics and government.

No items available.

Powered by Koha